[Event "RUS-ch Seniors"]
[Site "Odintsovo"]
[Date "2011.04.23"]
[Round "5"]
[White "Artyushikhin, Valentin"]
[Black "Berberyan, Mishik"]
[Result "1-0"]
[WhiteElo "2274"]
[BlackElo "1957"]
[PlyCount "111"]
[EventDate "2011.04.19"]
[EventType "swiss"]
[EventRounds "9"]
[EventCountry "RUS"]
[SourceTitle "CBM 142 Extra"]
[Source "ChessBase"]
[SourceDate "2011.06.27"]
[SourceVersion "1"]
[SourceVersionDate "2011.06.27"]
[SourceQuality "1"]

1. e4 e6 2. d4 d5 3. Nd2 b6 4. e5 Ba6 5. c3 Qd7 6. Ngf3 Bxf1 7. Nxf1 c5 8. Ng3 cxd4 9. Nxd4 Nc6 10. Nxc6 Qxc6 11. 0-0 Ne7 12. Be3 g6 13. a4 h5 14. a5 h4 15. Ne2 Nf5 16. Nd4 Nxd4 17. Bxd4 h3 18. axb6 hxg2 19. Kxg2 axb6 20. Rxa8+ Qxa8 21. Qb3 Bc5 22. Qb5+ Kf8 23. Bxc5+ bxc5 24. Qxc5+ Kg7 25. f3 Qa4 26. Qd4 Qc2+ 27. Rf2 Qf5 28. Qe3 Qh3+ 29. Kg1 Ra8 30. Rf1 Rh8 31. Qf4 Rh5 32. b4 Rf5 33. Qe3 Rh5 34. Rf2 Qf5 35. Rb2 Qxe5 36. Qxe5+ Rxe5 37. b5 Rh5 38. b6 Rh8 39. b7 Rb8 40. Kf2 Kf6 41. Ke3 Ke5 42. f4+ Kd6 43. Kd4 f6 44. Rb6+ Kd7 45. h4 Ke7 46. c4 dxc4 47. Kxc4 Kd7 48. Kb5 e5 49. fxe5 fxe5 50. Ka6 Rg8 51. b8Q Rxb8 52. Rxb8 Ke6 53. Kb5 Kf5 54. Kc4 Kg4 55. Kd5 Kxh4 56. Kxe5 1-0

[Event "Moscow op-D (Seniors)"]
[Site "Moscow"]
[Date "2009.02.07"]
[Round "9.15"]
[White "Artyushikhin, Valentin"]
[Black "Akulov, Leonid"]
[Result "1-0"]
[WhiteElo "2289"]
[BlackElo "2136"]
[PlyCount "64"]
[EventDate "2009.01.30"]
[EventType "swiss"]
[EventRounds "9"]
[EventCountry "RUS"]
[SourceTitle "EXT 2023"]
[Source "ChessBase"]
[SourceDate "2022.10.05"]
[SourceVersion "1"]
[SourceVersionDate "2022.10.05"]
[SourceQuality "1"]

1. e4 c5 2. Nf3 d6 3. d4 cxd4 4. Nxd4 Nf6 5. Nc3 a6 6. a4 e5 7. Nf3 Be7 8. h3 Qc7 9. Be3 Be6 10. g4 h6 11. Qd2 Nbd7 12. Nh4 Qc6 13. Bg2 Nb6 14. Bxb6 Qxb6 15. Nf5 Bf8 16. 0-0-0 0-0-0 17. Qe2 g6 18. Ne3 Qb4 19. h4 Be7 20. Kb1 Kb8 21. g5 Nh5 22. Ned5 Bxd5 23. Nxd5 Nf4 24. Nxf4 exf4 25. Rh3 hxg5 26. Rb3 Qxa4 27. hxg5 Bxg5 28. e5 d5 29. Rxd5 Kc8 30. Rc5+ Kd7 31. e6+ fxe6 32. Rxg5 Rb8 1-0